000 01251cam a2200385 a 4500
005 20240610085204.0
008 100809s1997||||sp a | |||| 00| 0 spa d
020 _a8445804316
041 _aspa
092 _c614.1
_l77
_sSCH
100 1 _aSchneider, Volkmar.
_9877
245 _aAtlas en color de medicina legal /
_cVolkmar Schneider
250 _a1a ed.
_bTraducción Alejandro Reyes Martín.
260 _aBarcelona:
_bMasson;
_c1991.
300 _a182 p.
_bil.
500 _aSchneider, V. y Dietz, W. (Col.). (1991). Atlas en color de medicina legal.(1a ed.) Barcelona : Masson.
653 _aLugar de hallazgo del cadáver
653 _aPatología forense
653 _aAparición de cadáveres
653 _aMuerte por causas naturales
653 _aViolencia contusa
653 _aTraumatismos craneoencefálicos
653 _aLesiones por arma blanca
653 _aAsfixias mecánicas
653 _aAhogamiento
653 _aMuerte por electricidad
653 _aDisparo
653 _aEfectos térmicos
653 _aDescuartizamiento cadavérico
653 _aLesiones por animales
653 _aIntoxicaciones
700 1 _aDietz, Wolfgag,
_eFotógrafo científico
_9878
930 _a1057
942 _2ddc
_cBK
999 _c588
_d588